Uravnenija matematičeskoj fiziki

Salvato in:
Dettagli Bibliografici
Autore principale: Vladimirov, Vasilij Sergejevič (Autore)
Natura: Libro
Lingua:russo
Pubblicazione: Moskva : Nauka, 1981
Edizione:4.izd.isprav. i dopol.
Tags: Aggiungi Tag
Nessun Tag, puoi essere il primo ad aggiungerne!!

MARC

LEADER 00000nam a22000003a 4500
001 stu89579
005 20150617225628.3
008 040811s1981------------------------rus-d
040 |a STU  |b slo 
041 0 |a rus 
080 |a 517.91(075.8) 
100 1 |a Vladimirov, Vasilij Sergejevič  |4 aut 
245 1 |a Uravnenija matematičeskoj fiziki 
250 |a 4.izd.isprav. i dopol. 
260 |a Moskva :  |b Nauka,  |c 1981 
300 |a 512 s 
996 |b E49628  |c E*49628  |l EE03  |s P  |a 0  |w stu89579_0001